Treatise on the concept of god: based on Indian philosophy 2 Vols. (Record no. 1235916)

MARC details
000 -LEADER
fixed length control field 00763nam a2200241Ia 4500
003 - CONTROL NUMBER IDENTIFIER
control field OSt
005 - DATE AND TIME OF LATEST TRANSACTION
control field 20250605122359.0
008 - FIXED-LENGTH DATA ELEMENTS--GENERAL INFORMATION
fixed length control field 008 250107s9999 xx 000 0 eng d
020 ## - INTERNATIONAL STANDARD BOOK NUMBER
International Standard Book Number 978-06-700-8422-7
037 ## - SOURCE OF ACQUISITION
Stock number TB
040 ## - CATALOGING SOURCE
Original cataloging agency CRL
Language of cataloging eng
Transcribing agency CRL
041 ## - LANGUAGE CODE
Language code of text/sound track or separate title eng
Source of code eng
084 ## - COLON CLASSIFICATION NUMBER
Classification number G:55:(D854) R2
084 ## - COLON CLASSIFICATION NUMBER
Assigning agency CRL
100 ## - MAIN ENTRY--PERSONAL NAME
Personal name Sharma Krishan Au.; Ashok Krishna Tr.; Sharma Srigopal Tr.
9 (RLIN) 730516
245 #0 - TITLE STATEMENT
Title Treatise on the concept of god: based on Indian philosophy 2 Vols.
Statement of responsibility, etc. Sharma Krishan Au.; Ashok Krishna Tr.; Sharma Srigopal Tr.
260 ## - PUBLICATION, DISTRIBUTION, ETC.
Place of publication, distribution, etc. Mathura, India
Name of publisher, distributor, etc. Ramashram Satsang
Date of publication, distribution, etc. 3528
365 ## - TRADE PRICE
Price type code INR
Price amount 12921
490 ## - SERIES STATEMENT
Volume/sequential designation Vol. 1
650 ## - SUBJECT ADDED ENTRY--TOPICAL TERM
Topical term or geographic name entry element RELIGION
942 ## - ADDED ENTRY ELEMENTS (KOHA)
Koha item type Textbook
Classification part G:55:(D854) R2
Source of classification or shelving scheme Colon Classification (CC)
Suppress in OPAC No
Holdings
Withdrawn status Lost status Damaged status Not for loan Home library Current library Date acquired Source of acquisition Cost, normal purchase price Total Checkouts Full call number Barcode Date last seen Price effective from Koha item type
        Central Library Central Library 2025-01-08 Gift, 07/10/2024, 12921.00   Q:31:(R6) R2.1-.2 CL1699540 2025-01-08 2025-01-08 Textbook
Copyright @ Delhi University Library System